[Event "Titled Tuesday intern op 02nd Apr Early"]
[Site "Chess.com INT"]
[Date "2024.04.02"]
[Round "3"]
[White "Cattaneo, Marco"]
[Black "Movahed, Sina"]
[Result "1-0"]
[WhiteElo "2314"]
[BlackElo "2463"]
[PlyCount "99"]
[EventDate "2024.04.02"]
[EventType "swiss (blitz)"]
[EventRounds "11"]
[EventCountry "USA"]
[SourceTitle "CB15_2024"]
[SourceDate "2024.04.10"]
[SourceVersion "1"]
[SourceVersionDate "2024.04.10"]
[SourceQuality "1"]

1. e4 c5 2. d3 e6 3. g3 d5 4. Nd2 h5 5. Ngf3 Be7 6. h4 Nf6 7. Bg2 dxe4 8. dxe4 Nc6 9. 0-0 Qc7 10. Re1 e5 11. c3 0-0 12. Nc4 Ng4 13. a4 Be6 14. Qe2 Rad8 15. Nh2 Rd7 16. Nxg4 Bxg4 17. Bf3 Bxf3 18. Qxf3 g6 19. Ne3 Qd6 20. Nd5 Qe6 21. Be3 f5 22. Nxe7+ Qxe7 23. exf5 e4 24. Qf4 Rxf5 25. Qh6 Ne5 26. Red1 Rd3 27. Bf4 Qf8 28. Qxf8+ Kxf8 29. Bxe5 Rxe5 30. Kf1 c4 31. Ke2 a5 32. Rab1 Red5 33. Rxd3 exd3+ 34. Kd2 Re5 35. Re1 Rxe1 36. Kxe1 Ke7 37. Kd2 Kd6 38. b3 cxb3 39. Kxd3 b5 40. axb5 a4 41. c4 a3 42. Kc3 a2 43. Kb2 Kc5 44. f3 Kb6 45. g4 Kc5 46. gxh5 gxh5 47. f4 Kxc4 48. b6 Kd3 49. b7 a1Q+ 50. Kxa1 1-0

[Event "Titled Tuesday intern op 02nd Apr Early"]
[Site "Chess.com INT"]
[Date "2024.04.02"]
[Round "11"]
[White "Mestnikov, Aisen"]
[Black "Cattaneo, Marco"]
[Result "0-1"]
[WhiteElo "2095"]
[BlackElo "2314"]
[PlyCount "90"]
[EventDate "2024.04.02"]
[EventType "swiss (blitz)"]
[EventRounds "11"]
[EventCountry "USA"]
[SourceTitle "CB15_2024"]
[SourceDate "2024.04.10"]
[SourceVersion "1"]
[SourceVersionDate "2024.04.10"]
[SourceQuality "1"]

1. d4 g6 2. c4 Bg7 3. Nc3 Nf6 4. e4 0-0 5. Nf3 d6 6. Be2 Nbd7 7. h3 e5 8. d5 Nc5 9. Qc2 a5 10. Bg5 c6 11. g4 a4 12. 0-0-0 Qa5 13. dxc6 bxc6 14. Rxd6 Nfd7 15. Rhd1 Qc7 16. h4 a3 17. b3 Ne6 18. Be3 Nd4 19. Nxd4 exd4 20. Bxd4 Qxd6 21. Bxg7 Qf4+ 22. Kb1 Kxg7 23. h5 Ne5 24. f3 Be6 25. Rh1 Rfd8 26. h6+ Kg8 27. Re1 Rd2 28. Qc1 Rb2+ 29. Ka1 Qxc1+ 30. Rxc1 Rd8 31. f4 Bxg4 32. Bf1 Nd3 33. Rb1 Rxb1+ 34. Nxb1 Nb4 35. Nxa3 Rd1+ 36. Kb2 Rxf1 37. Kc3 Nxa2+ 38. Kd4 Rxf4 39. Nc2 Bf5 40. b4 Rxe4+ 41. Kc5 Rxc4+ 42. Kxc4 Bxc2 43. Kc5 Nxb4 44. Kxb4 g5 45. Kc3 g4 0-1

[Event "Titled Tuesday intern op 02nd Apr Early"]
[Site "Chess.com INT"]
[Date "2024.04.02"]
[Round "6"]
[White "Piesik, Piotr"]
[Black "Cattaneo, Marco"]
[Result "1/2-1/2"]
[WhiteElo "2417"]
[BlackElo "2314"]
[PlyCount "109"]
[EventDate "2024.04.02"]
[EventType "swiss (blitz)"]
[EventRounds "11"]
[EventCountry "USA"]
[SourceTitle "CB15_2024"]
[SourceDate "2024.04.10"]
[SourceVersion "1"]
[SourceVersionDate "2024.04.10"]
[SourceQuality "1"]

1. Nf3 g6 2. g3 Bg7 3. d4 b6 4. Bg2 Bb7 5. 0-0 Nf6 6. c4 0-0 7. Nc3 Ne4 8. Nxe4 Bxe4 9. Be3 c5 10. Bh3 Bxf3 11. exf3 Nc6 12. dxc5 bxc5 13. Bxc5 Bxb2 14. Rb1 Bf6 15. Qxd7 Qxd7 16. Bxd7 Ne5 17. Rb7 Nxc4 18. f4 Nb6 19. Bg4 Rfb8 20. Rc7 Nd5 21. Rd7 Rd8 22. Rb7 a5 23. Bf3 Rac8 24. Ba7 Nb4 25. a4 Rd3 26. Be2 Rd2 27. Bb5 Nd5 28. Rd7 e6 29. Bb6 Bc3 30. Be3 Nxe3 31. fxe3 Rxd7 32. Bxd7 Rd8 33. Bb5 Rd2 34. Rf2 Rxf2 35. Kxf2 Kf8 36. e4 Ke7 37. e5 f6 38. exf6+ Kxf6 39. Ke3 e5 40. Ke4 exf4 41. Kxf4 Be5+ 42. Ke4 h5 43. Bc4 h4 44. gxh4 Bxh2 45. Be2 Bg3 46. h5 gxh5 47. Bxh5 Be1 48. Bf3 Bb4 49. Be2 Ke7 50. Kd5 Kf6 51. Bd3 Ke7 52. Be4 Kf6 53. Bd3 Ke7 54. Be4 Kf6 55. Bd3 1/2-1/2

[Event "Titled Tuesday intern op 19th Dec Early"]
[Site "Chess.com INT"]
[Date "2023.12.19"]
[Round "6"]
[White "Cattaneo, Marco"]
[Black "Khumalo, Keith"]
[Result "1-0"]
[WhiteElo "2280"]
[BlackElo "2049"]
[PlyCount "67"]
[EventDate "2023.12.19"]
[EventType "swiss (blitz)"]
[EventRounds "11"]
[EventCountry "USA"]
[SourceTitle "CB52_2023"]
[SourceDate "2023.12.27"]
[SourceVersion "1"]
[SourceVersionDate "2023.12.27"]
[SourceQuality "1"]

1. e4 c5 2. d3 Nc6 3. g3 g6 4. Bg2 Bg7 5. f4 Rb8 6. Nf3 d6 7. 0-0 e6 8. c3 Nge7 9. Be3 0-0 10. Bf2 b5 11. d4 cxd4 12. cxd4 d5 13. e5 b4 14. Re1 a5 15. Nbd2 Ba6 16. Nb3 Bb5 17. Nc5 Nc8 18. g4 Nb6 19. Bh4 Qc7 20. b3 Nd7 21. Nxd7 Qxd7 22. Bf6 Rfc8 23. Qd2 Bf8 24. Bh3 Ne7 25. f5 Rc3 26. fxe6 fxe6 27. Bg2 Rbc8 28. Qf4 Rc2 29. Bf1 R8c3 30. Bxb5 Qxb5 31. Ng5 Bh6 32. Bxe7 Qe8 33. Qf6 Bg7 34. Qxe6+ 1-0

[Event "Trieste op 25th"]
[Site "Trieste"]
[Date "2023.09.05"]
[Round "6"]
[White "Cattaneo, Marco"]
[Black "Valsecchi, Alessio"]
[Result "0-1"]
[WhiteElo "2264"]
[BlackElo "2495"]
[PlyCount "106"]
[EventDate "2023.09.02"]
[EventType "swiss"]
[EventRounds "9"]
[EventCountry "ITA"]
[SourceTitle "EXT 2024"]
[Source "ChessBase"]
[SourceDate "2023.10.10"]
[SourceVersion "1"]
[SourceVersionDate "2023.10.10"]
[SourceQuality "1"]

1. d4 Nf6 2. c4 e6 3. Nf3 d5 4. Nc3 dxc4 5. e4 b5 6. e5 Nd5 7. Nxb5 Nb6 8. Be3 Nc6 9. a3 Rb8 10. Qc2 Qd7 11. Nc3 Ne7 12. Be2 Nf5 13. Rd1 Bb7 14. 0-0 Be7 15. Nd2 0-0 16. Nde4 Ba8 17. Bg4 Nd5 18. Nxd5 Qxd5 19. Bf3 Qb5 20. Nd2 Bxf3 21. Nxf3 Qxb2 22. Qxc4 Nxe3 23. fxe3 Qxa3 24. Qxc7 Rb2 25. Kh1 Bd8 26. Qd7 Qxe3 27. Qxa7 h5 28. Qd7 Qe2 29. Rg1 Qb5 30. Qxb5 Rxb5 31. Rb1 Rd5 32. h3 g5 33. g4 h4 34. Rb8 Rd7 35. Rc1 Be7 36. Rxf8+ Kxf8 37. Rc8+ Kg7 38. Kg2 Ra7 39. Rc2 Kg6 40. Rb2 Rc7 41. Kf2 Ba3 42. Ra2 Bc1 43. Re2 Rc3 44. Re4 Kg7 45. Re2 Kf8 46. Re1 Ke7 47. Re2 Kd7 48. Ra2 Kc6 49. Ra7 Kd5 50. Rxf7 Ke4 51. Rf6 Bf4 52. Ng1 Be3+ 53. Kg2 Rc2+ 0-1

[Event "Titled Tuesday intern op 29th Aug Late"]
[Site "Chess.com INT"]
[Date "2023.08.29"]
[Round "2"]
[White "Cattaneo, Marco"]
[Black "Bartel, Mateusz"]
[Result "0-1"]
[WhiteElo "2264"]
[BlackElo "2625"]
[PlyCount "156"]
[EventDate "2023.08.29"]
[EventType "swiss (blitz)"]
[EventRounds "11"]
[EventCountry "USA"]
[SourceTitle "EXT 2024"]
[Source "ChessBase"]
[SourceDate "2023.10.10"]
[SourceVersion "1"]
[SourceVersionDate "2023.10.10"]
[SourceQuality "1"]

1. d4 Nf6 2. c3 d6 3. Bg5 Nbd7 4. Nd2 h6 5. Bh4 e5 6. e3 Be7 7. Bd3 c6 8. Ngf3 e4 9. Bxf6 exf3 10. Bxe7 fxg2 11. Rg1 Qxe7 12. Rxg2 g6 13. Qf3 Nf6 14. Ne4 Nxe4 15. Qxe4 Qxe4 16. Bxe4 Be6 17. h4 Kd7 18. Kd2 Rae8 19. Bd3 c5 20. e4 Kc7 21. Rgg1 Bd7 22. f4 b5 23. Rae1 a6 24. a3 Rhg8 25. Rg3 Rgf8 26. Reg1 Re7 27. f5 gxf5 28. exf5 f6 29. Rg7 Rff7 30. Rxf7 Rxf7 31. Rg8 c4 32. Be4 Re7 33. Bc2 Bc6 34. Rg6 Bf3 35. Bd1 Be4 36. Rxf6 Rg7 37. Rg6 Rxg6 38. fxg6 Bxg6 39. Ke3 Kd7 40. Bf3 a5 41. Kf4 Ke7 42. Bc6 Bc2 43. Bxb5 Bb3 44. Bc6 Kf6 45. Be4 Ke6 46. Bf5+ Kf6 47. Bg4 Bc2 48. Bf3 Bd3 49. Ke3 Ke6 50. Be2 Bxe2 51. Kxe2 Kf5 52. Kf3 a4 53. Kg3 h5 54. d5 Ke5 55. Kf3 Kf5 56. Kg3 Ke4 57. Kh3 Kxd5 58. Kg3 Ke4 59. Kf2 d5 60. Ke2 Kf4 61. Kd2 Kg4 62. Ke3 Kxh4 63. Kd4 Kg3 64. Kxd5 h4 65. Kxc4 h3 66. Kb4 h2 67. c4 h1Q 68. c5 Qb7+ 69. Kxa4 Qxb2 70. Ka5 Qb7 71. a4 Kf4 72. c6 Qa7+ 73. Kb5 Ke5 74. a5 Kd6 75. a6 Kc7 76. Kb4 Qxa6 77. Kc5 Qxc6+ 78. Kd4 Qe6 0-1

[Event "Titled Tuesday intern op 29th Aug Late"]
[Site "Chess.com INT"]
[Date "2023.08.29"]
[Round "1"]
[White "Cattaneo, Marco"]
[Black "Van Baar, Esper"]
[Result "1-0"]
[WhiteElo "2264"]
[BlackElo "2179"]
[PlyCount "35"]
[EventDate "2023.08.29"]
[EventType "swiss (blitz)"]
[EventRounds "11"]
[EventCountry "USA"]
[SourceTitle "EXT 2024"]
[Source "ChessBase"]
[SourceDate "2023.10.10"]
[SourceVersion "1"]
[SourceVersionDate "2023.10.10"]
[SourceQuality "1"]

1. g3 d5 2. Bg2 c6 3. b3 Nf6 4. Bb2 Bf5 5. d3 e6 6. Nd2 Bd6 7. e4 dxe4 8. dxe4 Bg4 9. f3 Bh5 10. e5 Be7 11. exf6 Bxf6 12. Bxf6 Qxf6 13. Ne4 Qe5 14. Ne2 0-0 15. Qd4 Qa5+ 16. Qc3 Qb6 17. Qc5 Qc7 18. Qxh5 1-0

[Event "Titled Tuesday intern op 29th Aug Late"]
[Site "Chess.com INT"]
[Date "2023.08.29"]
[Round "9"]
[White "Dimitrov, Atanas Valtchev"]
[Black "Cattaneo, Marco"]
[Result "0-1"]
[WhiteElo "2269"]
[BlackElo "2264"]
[PlyCount "90"]
[EventDate "2023.08.29"]
[EventType "swiss (blitz)"]
[EventRounds "11"]
[EventCountry "USA"]
[SourceTitle "EXT 2024"]
[Source "ChessBase"]
[SourceDate "2023.10.10"]
[SourceVersion "1"]
[SourceVersionDate "2023.10.10"]
[SourceQuality "1"]

1. Nf3 g6 2. c4 Bg7 3. g3 d6 4. Bg2 Nf6 5. Nc3 0-0 6. b3 e6 7. Bb2 e5 8. 0-0 Nc6 9. d3 a5 10. Nd2 Be6 11. e3 d5 12. cxd5 Nxd5 13. Nxd5 Bxd5 14. Nc4 Bxg2 15. Kxg2 b5 16. Na3 Nb4 17. d4 Qd5+ 18. Kg1 e4 19. Bc3 Nd3 20. Bd2 h5 21. h4 a4 22. Rb1 c6 23. Qc2 Ra6 24. b4 Raa8 25. Rfd1 g5 26. hxg5 Rac8 27. Bc3 Qxg5 28. Rxd3 exd3 29. Qxd3 h4 30. Kg2 hxg3 31. fxg3 Rfe8 32. Nc2 Re6 33. e4 Rd8 34. Bd2 Qg6 35. Re1 Rde8 36. d5 cxd5 37. Qxb5 Rxe4 38. Ne3 d4 39. Nc2 Rxe1 40. Nxe1 Qe4+ 41. Kh3 Bf6 42. Kh2 Kg7 43. Kg1 Rh8 44. Ng2 Qe2 45. Be1 Qxb5 0-1

[Event "Titled Tuesday intern op 29th Aug Late"]
[Site "Chess.com INT"]
[Date "2023.08.29"]
[Round "8"]
[White "Fiorito, Joaquin"]
[Black "Cattaneo, Marco"]
[Result "0-1"]
[WhiteElo "2409"]
[BlackElo "2264"]
[PlyCount "106"]
[EventDate "2023.08.29"]
[EventType "swiss (blitz)"]
[EventRounds "11"]
[EventCountry "USA"]
[SourceTitle "EXT 2024"]
[Source "ChessBase"]
[SourceDate "2023.10.10"]
[SourceVersion "1"]
[SourceVersionDate "2023.10.10"]
[SourceQuality "1"]

1. d4 g6 2. Nc3 Bg7 3. e4 c6 4. f4 d5 5. e5 h5 6. Nf3 Nh6 7. Bd3 Bf5 8. 0-0 e6 9. Ne2 Bxd3 10. Be3 Bxe2 11. Qxe2 Nf5 12. Bf2 Bf8 13. c4 dxc4 14. Qxc4 Nd7 15. Ng5 Nb6 16. Qe2 Be7 17. Ne4 Nd5 18. g3 Qb6 19. Rfd1 Qb5 20. Qf3 a5 21. a4 Qb6 22. Rac1 Qb4 23. b3 Qb6 24. Rc4 Qd8 25. h3 Rc8 26. Rdc1 Qd7 27. Rd1 b5 28. Rcc1 bxa4 29. bxa4 Kf8 30. Rb1 Kg7 31. Rbc1 Rb8 32. Rc2 Rb6 33. Rdc1 Rhb8 34. Nd2 Rb4 35. Qe4 c5 36. Rc4 cxd4 37. g4 hxg4 38. hxg4 Nfe3 39. Rxd4 Nxg4 40. Bg3 Rxd4 41. Qxd4 Rb4 42. Qd3 Qxa4 43. Rf1 Bc5+ 44. Kh1 Rd4 45. Qe2 Qc2 46. Qxg4 Rxd2 47. f5 exf5 48. Qh4 Qe4+ 49. Qxe4 fxe4 50. Bh4 e3 51. Bg5 e2 52. Rg1 Rd1 53. Bh4 Rxg1+ 0-1

[Event "Titled Tuesday intern op 29th Aug Early"]
[Site "Chess.com INT"]
[Date "2023.08.29"]
[Round "5"]
[White "Tarasova, Viktoriya"]
[Black "Cattaneo, Marco"]
[Result "1-0"]
[WhiteElo "2226"]
[BlackElo "2264"]
[PlyCount "87"]
[EventDate "2023.08.29"]
[EventType "swiss (blitz)"]
[EventRounds "11"]
[EventCountry "USA"]
[SourceTitle "EXT 2024"]
[Source "ChessBase"]
[SourceDate "2023.10.10"]
[SourceVersion "1"]
[SourceVersionDate "2023.10.10"]
[SourceQuality "1"]

1. d4 g6 2. c4 Bg7 3. e4 d6 4. Nc3 c5 5. Nge2 Nc6 6. d5 Nd4 7. Nxd4 Bxd4 8. Be2 e6 9. 0-0 a6 10. a4 Ne7 11. Be3 Bxe3 12. fxe3 0-0 13. a5 e5 14. g4 Bd7 15. Kh1 Kg7 16. g5 Ng8 17. Rg1 f6 18. h4 fxg5 19. hxg5 h6 20. Qe1 hxg5 21. Kg2 Nh6 22. Qg3 Qe7 23. Rh1 Rh8 24. Rab1 Nf7 25. Bg4 Rxh1 26. Rxh1 Bxg4 27. Qxg4 Rh8 28. Rxh8 Kxh8 29. Qe6 Qf8 30. Qxg6 Qg7 31. Qe6 Kh7 32. Ne2 Qg6 33. Qe7 g4 34. Ng3 Kg8 35. Nf5 Ng5 36. Qd8+ Kh7 37. Qd7+ Kh8 38. Qc8+ Kh7 39. Qxb7+ Kh8 40. Qc8+ Kh7 41. Qd7+ Kh8 42. Qxd6 Qh5 43. Qf8+ Kh7 44. Qg7# 1-0

[Event "Titled Tuesday intern op 22nd Aug Early"]
[Site "Chess.com INT"]
[Date "2023.08.22"]
[Round "6"]
[White "Cattaneo, Marco"]
[Black "Rego, Pedro Filipe"]
[Result "0-1"]
[WhiteElo "2264"]
[BlackElo "2332"]
[PlyCount "64"]
[EventDate "2023.08.22"]
[EventType "swiss (blitz)"]
[EventRounds "11"]
[EventCountry "USA"]
[SourceTitle "EXT 2024"]
[Source "ChessBase"]
[SourceDate "2023.10.10"]
[SourceVersion "1"]
[SourceVersionDate "2023.10.10"]
[SourceQuality "1"]

1. d4 Nf6 2. Nf3 d5 3. e3 c5 4. c3 e6 5. Nbd2 Bd6 6. dxc5 Bxc5 7. b4 Bd6 8. Bb2 0-0 9. a3 Nc6 10. c4 a5 11. b5 Ne7 12. Bd3 Ng6 13. 0-0 b6 14. Rc1 Bb7 15. Nd4 Rc8 16. cxd5 Bxd5 17. Nc6 Qd7 18. Qe2 Qb7 19. e4 Nf4 20. Qe3 Ng4 21. Qg3 Ne2+ 22. Bxe2 Bxg3 23. hxg3 Bxc6 24. bxc6 Rxc6 25. Bxg4 Rd8 26. Nc4 Qc7 27. Ne5 Rxc1 28. Rxc1 Qe7 29. Bh5 Rf8 30. Rc6 g6 31. Be2 h5 32. g4 Rd8 0-1

[Event "Titled Tuesday intern op 25th Jul Early"]
[Site "Chess.com INT"]
[Date "2023.07.25"]
[Round "6"]
[White "Kuchava, Ana"]
[Black "Cattaneo, Marco"]
[Result "0-1"]
[WhiteElo "2101"]
[BlackElo "2264"]
[PlyCount "62"]
[EventDate "2023.07.25"]
[EventType "swiss (blitz)"]
[EventRounds "11"]
[EventCountry "USA"]
[SourceTitle "EXT 2024"]
[Source "ChessBase"]
[SourceDate "2023.10.10"]
[SourceVersion "1"]
[SourceVersionDate "2023.10.10"]
[SourceQuality "1"]

1. d4 g6 2. c4 Bg7 3. Nc3 d6 4. Nf3 Bg4 5. h3 Bxf3 6. exf3 c6 7. Be2 Nd7 8. 0-0 e6 9. Re1 Ne7 10. Bf4 d5 11. c5 Nf5 12. Be3 0-0 13. b3 e5 14. dxe5 Bxe5 15. Bd2 Nxc5 16. Rc1 Ne6 17. Bd3 Qf6 18. Qe2 Bd4 19. Na4 Rfe8 20. Qd1 Nh4 21. Bc3 Bxc3 22. Nxc3 Nd4 23. Ne2 Nhxf3+ 24. gxf3 Nxf3+ 25. Kg2 Nh4+ 26. Kg1 Qf3 27. Nf4 Qxf4 28. Qg4 Nf3+ 29. Kh1 Rxe1+ 30. Rxe1 Qxg4 31. hxg4 Nxe1 0-1

[Event "Titled Tuesday intern op 25th Jul Early"]
[Site "Chess.com INT"]
[Date "2023.07.25"]
[Round "10"]
[White "Tsyhanchuk, Stanislav"]
[Black "Cattaneo, Marco"]
[Result "0-1"]
[WhiteElo "2273"]
[BlackElo "2264"]
[PlyCount "104"]
[EventDate "2023.07.25"]
[EventType "swiss (blitz)"]
[EventRounds "11"]
[EventCountry "USA"]
[SourceTitle "EXT 2024"]
[Source "ChessBase"]
[SourceDate "2023.10.10"]
[SourceVersion "1"]
[SourceVersionDate "2023.10.10"]
[SourceQuality "1"]

1. c4 g6 2. Nc3 Bg7 3. d4 d6 4. e4 c5 5. d5 Bxc3+ 6. bxc3 e5 7. f4 Qf6 8. Bd3 exf4 9. Qc2 Ne7 10. Nf3 g5 11. 0-0 Bg4 12. Nxg5 Qxg5 13. Bxf4 Qh5 14. Bxd6 Nd7 15. Rae1 Nc8 16. Bg3 Ne5 17. h3 Bd7 18. Be2 Qg5 19. Bf4 Qg7 20. Bh5 Nd6 21. Qf2 0-0 22. Bxe5 Qxe5 23. Qxc5 Rfc8 24. Qf2 Rxc4 25. Bxf7+ Kh8 26. Qh4 Be8 27. Be6 Bg6 28. Rf6 Rxe4 29. Rxe4 Qxe4 30. Qh6 Qe1+ 31. Kh2 Qe5+ 32. Rf4 Qg7 33. Qg5 Nf7 34. Bxf7 Bxf7 35. Qf5 Bg6 36. Qe6 Rf8 37. Rf6 Rxf6 38. Qxf6 Qxf6 39. h4 Qe5+ 40. Kg1 Be4 41. h5 Bxd5 42. Kf2 Qxc3 43. g4 Bxa2 44. g5 Bf7 45. h6 Bg6 46. Kg2 a5 47. Kh2 a4 48. Kg2 a3 49. Kh2 a2 50. Kg2 a1Q 51. Kh2 Qab2+ 52. Kh1 Qcc1# 0-1

[Event "Titled Tuesday intern op 18th Jul Late"]
[Site "Chess.com INT"]
[Date "2023.07.18"]
[Round "5"]
[White "Dubreuil, Julien"]
[Black "Cattaneo, Marco"]
[Result "0-1"]
[WhiteElo "2173"]
[BlackElo "2264"]
[PlyCount "86"]
[EventDate "2023.07.18"]
[EventType "swiss (blitz)"]
[EventRounds "11"]
[EventCountry "USA"]
[SourceTitle "EXT 2024"]
[Source "ChessBase"]
[SourceDate "2023.10.10"]
[SourceVersion "1"]
[SourceVersionDate "2023.10.10"]
[SourceQuality "1"]

1. c4 g6 2. g3 Bg7 3. Bg2 d6 4. Nc3 Nc6 5. e4 Nd4 6. d3 c5 7. h3 Nf6 8. Nge2 0-0 9. 0-0 Ne8 10. Be3 Nxe2+ 11. Qxe2 Nc7 12. Nb5 Ne6 13. Rab1 a6 14. Nc3 Nd4 15. Qd2 Rb8 16. Kh2 b5 17. b3 Bd7 18. f4 a5 19. Ne2 Nxe2 20. Qxe2 a4 21. Rbd1 axb3 22. axb3 bxc4 23. bxc4 Bc6 24. Rb1 Qa5 25. h4 h5 26. Qc2 Qa4 27. Qxa4 Bxa4 28. e5 Bc2 29. Rxb8 Rxb8 30. d4 Rb3 31. Bg1 cxd4 32. Bxd4 Rb4 33. exd6 Bxd4 34. dxe7 Ba4 35. Ra1 Bxa1 36. f5 gxf5 37. Bd5 Bf6 38. Kg2 Bxe7 39. Kf3 Bd6 40. Kg2 Rb2+ 41. Kh3 Rb3 42. Kg2 Rxg3+ 43. Kf2 Rg4 0-1

[Event "Titled Tuesday intern op 18th Jul Late"]
[Site "Chess.com INT"]
[Date "2023.07.18"]
[Round "11"]
[White "Kanyamarala, Trisha"]
[Black "Cattaneo, Marco"]
[Result "1-0"]
[WhiteElo "2344"]
[BlackElo "2264"]
[PlyCount "57"]
[EventDate "2023.07.18"]
[EventType "swiss (blitz)"]
[EventRounds "11"]
[EventCountry "USA"]
[SourceTitle "EXT 2024"]
[Source "ChessBase"]
[SourceDate "2023.10.10"]
[SourceVersion "1"]
[SourceVersionDate "2023.10.10"]
[SourceQuality "1"]

1. c4 g6 2. Nc3 Bg7 3. g3 d6 4. Bg2 Nc6 5. Nf3 e5 6. 0-0 f5 7. d4 Nxd4 8. Nxd4 exd4 9. Nb5 c5 10. e3 a6 11. Na3 Ne7 12. exd4 Bxd4 13. Nc2 Be5 14. Bh6 Kf7 15. Re1 Re8 16. Bg5 Qd7 17. Rb1 Nc6 18. Bd5+ Kg7 19. Qd2 Nd4 20. Nxd4 Bxd4 21. Rxe8 Qxe8 22. Re1 Qa4 23. Re7+ Kf8 24. Rxh7 Bd7 25. Be7+ Ke8 26. Bxd6 Bc6 27. Qe2+ Kd8 28. Qe7+ Kc8 29. Qc7# 1-0

[Event "Titled Tuesday intern op 18th Jul Late"]
[Site "Chess.com INT"]
[Date "2023.07.18"]
[Round "8"]
[White "Sroczynski, Maciej"]
[Black "Cattaneo, Marco"]
[Result "1-0"]
[WhiteElo "2271"]
[BlackElo "2264"]
[PlyCount "79"]
[EventDate "2023.07.18"]
[EventType "swiss (blitz)"]
[EventRounds "11"]
[EventCountry "USA"]
[SourceTitle "EXT 2024"]
[Source "ChessBase"]
[SourceDate "2023.10.10"]
[SourceVersion "1"]
[SourceVersionDate "2023.10.10"]
[SourceQuality "1"]

1. e4 g6 2. g3 Bg7 3. Bg2 c5 4. f4 Nc6 5. d3 e6 6. Nf3 Nge7 7. Nbd2 d6 8. 0-0 0-0 9. Qe2 b5 10. e5 Rb8 11. Ne4 dxe5 12. fxe5 Nxe5 13. Bf4 N7c6 14. Nxc5 Nxf3+ 15. Bxf3 Nd4 16. Qe4 Nxf3+ 17. Qxf3 Qd4+ 18. Be3 Qxb2 19. Qf2 e5 20. Rfb1 Qa3 21. Rb3 Qa5 22. a4 b4 23. c3 Bf5 24. Rab1 Qd8 25. cxb4 Bh3 26. Ne4 Qd5 27. Bxa7 Ra8 28. a5 Rxa7 29. Qxa7 f5 30. Qc5 Rd8 31. Qxd5+ Rxd5 32. Nf2 Bg4 33. Nxg4 fxg4 34. b5 Bf8 35. Rc1 e4 36. dxe4 Rd2 37. b6 Bg7 38. Rc4 Bd4+ 39. Rxd4 Rxd4 40. b7 1-0

[Event "Titled Tuesday intern op 20th Jun Early"]
[Site "Chess.com INT"]
[Date "2023.06.20"]
[Round "7"]
[White "Cattaneo, Marco"]
[Black "Howell, David"]
[Result "0-1"]
[WhiteElo "2250"]
[BlackElo "2677"]
[PlyCount "140"]
[EventDate "2023.06.20"]
[EventType "swiss (blitz)"]
[EventRounds "11"]
[EventCountry "USA"]
[SourceTitle "EXT 2024"]
[Source "ChessBase"]
[SourceDate "2023.10.10"]
[SourceVersion "1"]
[SourceVersionDate "2023.10.10"]
[SourceQuality "1"]

1. d4 e6 2. c4 Bb4+ 3. Bd2 a5 4. g3 d5 5. Bg2 Nf6 6. Qc2 c5 7. dxc5 d4 8. Nf3 0-0 9. 0-0 Bxc5 10. Rd1 Nc6 11. Bf4 Nd7 12. Ng5 g6 13. Ne4 Be7 14. Bh6 Re8 15. h4 e5 16. Na3 Nc5 17. Nb5 Bf5 18. a3 a4 19. Rac1 Qd7 20. Nbc3 Rac8 21. Nd5 Qe6 22. Re1 Bxe4 23. Bxe4 Nxe4 24. Qxe4 f5 25. Qc2 e4 26. Qxa4 Bd6 27. Rcd1 e3 28. f4 Qf7 29. b4 Re4 30. b5 Ne7 31. Nxe7+ Bxe7 32. Rc1 Bc5 33. Red1 Qe8 34. Qb3 b6 35. a4 Ra8 36. Ra1 Ra7 37. Qc2 Qa8 38. Qb3 Kf7 39. Ra2 Ke6 40. Rda1 Ra5 41. Rd1 Kd7 42. Rda1 Kc7 43. Rd1 Kb7 44. Rda1 Ka7 45. Rd1 Re7 46. Rda1 Qe4 47. Rd1 Re8 48. Qd3 Qe6 49. Rda1 Kb7 50. Rc1 Rea8 51. Rca1 Kc8 52. Qb3 Kd7 53. Rd1 Qe4 54. Rda1 Re8 55. Rd1 Kc7 56. Rda1 Kb7 57. Rd1 Rd8 58. Rb2 Rd7 59. Ra2 Kb8 60. Rb2 Qe7 61. Ra2 Bb4 62. Qd3 Bc3 63. Rc2 Qb4 64. Rxc3 Qxc3 65. Qxc3 dxc3 66. Rxd7 c2 67. Rd8+ Kc7 68. Rh8 c1Q+ 69. Kg2 Qe1 70. Kf3 Qf2# 0-1

[Event "Titled Tuesday intern op 20th Jun Early"]
[Site "Chess.com INT"]
[Date "2023.06.20"]
[Round "5"]
[White "Yarullina, Alina"]
[Black "Cattaneo, Marco"]
[Result "0-1"]
[WhiteElo "2084"]
[BlackElo "2250"]
[PlyCount "34"]
[EventDate "2023.06.20"]
[EventType "swiss (blitz)"]
[EventRounds "11"]
[EventCountry "USA"]
[SourceTitle "EXT 2024"]
[Source "ChessBase"]
[SourceDate "2023.10.10"]
[SourceVersion "1"]
[SourceVersionDate "2023.10.10"]
[SourceQuality "1"]

1. e4 g6 2. d4 Bg7 3. Nc3 c6 4. Be3 d5 5. e5 f6 6. Nf3 Nh6 7. exf6 exf6 8. Qe2 0-0 9. 0-0-0 a5 10. Kb1 a4 11. a3 b5 12. h3 Nd7 13. g4 Nf7 14. Na2 Nb6 15. Qd2 Nc4 16. Bxc4 bxc4 17. Bh6 Bxh6 0-1

[Event "Titled Tuesday intern op 06th Jun Early"]
[Site "Chess.com INT"]
[Date "2023.06.06"]
[Round "9"]
[White "Cattaneo, Marco"]
[Black "Goryachkina, Aleksandra"]
[Result "1-0"]
[WhiteElo "2250"]
[BlackElo "2557"]
[PlyCount "47"]
[EventDate "2023.06.06"]
[EventType "swiss (blitz)"]
[EventRounds "11"]
[EventCountry "USA"]
[SourceTitle "EXT 2024"]
[Source "ChessBase"]
[SourceDate "2023.10.10"]
[SourceVersion "1"]
[SourceVersionDate "2023.10.10"]
[SourceQuality "1"]

1. d4 Nf6 2. Nf3 d5 3. Bf4 Bf5 4. c4 e6 5. e3 Bb4+ 6. Nc3 0-0 7. Bd3 dxc4 8. Bxc4 c5 9. 0-0 Bg4 10. h3 Bh5 11. dxc5 Nbd7 12. c6 bxc6 13. Be2 Nd5 14. Nxd5 cxd5 15. Ne5 Bxe2 16. Qxe2 Nxe5 17. Bxe5 Qb6 18. Rac1 Rac8 19. Qg4 f6 20. Bxf6 g6 21. Bd4 Qd6 22. Qg5 Qe7 23. Qe5 Rxc1 24. Rxc1 1-0

[Event "Titled Tuesday intern op 06th Jun Early"]
[Site "Chess.com INT"]
[Date "2023.06.06"]
[Round "7"]
[White "Goncharov, Vladimir"]
[Black "Cattaneo, Marco"]
[Result "0-1"]
[WhiteElo "2077"]
[BlackElo "2250"]
[PlyCount "84"]
[EventDate "2023.06.06"]
[EventType "swiss (blitz)"]
[EventRounds "11"]
[EventCountry "USA"]
[SourceTitle "EXT 2024"]
[Source "ChessBase"]
[SourceDate "2023.10.10"]
[SourceVersion "1"]
[SourceVersionDate "2023.10.10"]
[SourceQuality "1"]

1. d4 g6 2. e4 Bg7 3. Nc3 c6 4. Nf3 d5 5. h3 Nh6 6. e5 f6 7. exf6 exf6 8. g4 0-0 9. Be3 b5 10. Qd2 Nf7 11. 0-0-0 Nd6 12. Bd3 Nc4 13. Bxc4 bxc4 14. Rdg1 Na6 15. a3 Re8 16. Bf4 Nc7 17. Bxc7 Qxc7 18. h4 Rb8 19. h5 g5 20. Nd1 Bf8 21. Ne3 Bd6 22. Kb1 Qb6 23. Qc3 a5 24. Nd2 Bb4 25. axb4 axb4 26. Ndxc4 dxc4 27. Qxc4+ Be6 28. Qd3 Qa5 29. Kc1 b3 30. c3 Ra8 31. Kd2 Qc7 32. f3 Ra2 33. Rb1 Qg3 34. Rhf1 Bd5 35. Qe2 Qf4 36. Qf2 c5 37. dxc5 Bc4 38. Rfe1 Rd8+ 39. Kc1 Rd3 40. Qe2 Rxc3+ 41. bxc3 Bxe2 42. Rxe2 Rxe2 0-1